Two-Country Scramble #2 - Statistics

General Stats
  • This quiz has been taken 336 times
  • The average score is 11 of 20
Answer Stats
Answer % Correct
JAPAN
97%
IRAN
85%
GREECE
82%
KOSOVO
81%
EGYPT
77%
MOLDOVA
76%
LIBYA
71%
BENIN
66%
KUWAIT
66%
BOLIVIA
60%
TAIWAN
56%
SYRIA
51%
DJIBOUTI
43%
GUYANA
38%
MONACO
37%
LAOS
35%
BURMA
31%
BARBADOS
28%
CROATIA
26%
NICARAGUA
26%
No matching quizzes found
Score Distribution
Percent of People with Each Score
Percentile by Number Answered
Your Score History
You have not taken this quiz